<?xml version='1.0' encoding='UTF-8'?>
  <record xmlns="http://www.loc.gov/MARC21/slim">
    <leader>00000ctm a2200000 i 4500</leader>
    <controlfield tag="001">ocn965428409</controlfield>
    <controlfield tag="003">OCoLC</controlfield>
    <controlfield tag="005">20250315000106.9</controlfield>
    <controlfield tag="008">091126q1458    ne            000 0 lat d</controlfield>
    <datafield tag="040" ind1=" " ind2=" ">
      <subfield code="a">QGJ</subfield>
      <subfield code="b">dut</subfield>
      <subfield code="c">QGJ</subfield>
      <subfield code="d">QGJ</subfield>
      <subfield code="d">OCLCL</subfield>
      <subfield code="d">OCLCQ</subfield>
    </datafield>
    <datafield tag="035" ind1=" " ind2=" ">
      <subfield code="a">(OCoLC)965428409</subfield>
    </datafield>
    <datafield tag="100" ind1="1" ind2=" ">
      <subfield code="a">Augustinus, Aurelius.</subfield>
    </datafield>
    <datafield tag="245" ind1="1" ind2="0">
      <subfield code="a">Opuscula /</subfield>
      <subfield code="c">Aurelius Augustinus.</subfield>
      <subfield code="f">UBU Hs. 70.</subfield>
    </datafield>
    <datafield tag="246" ind1="1" ind2=" ">
      <subfield code="a">De doctrina christiana</subfield>
    </datafield>
    <datafield tag="246" ind1="1" ind2=" ">
      <subfield code="a">De natura et gratia</subfield>
    </datafield>
    <datafield tag="246" ind1="1" ind2=" ">
      <subfield code="a">Epistula ad Xistum de gratia Dei contra Pelagianos</subfield>
    </datafield>
    <datafield tag="246" ind1="1" ind2=" ">
      <subfield code="a">Epistolae II ad Valentinum</subfield>
    </datafield>
    <datafield tag="246" ind1="1" ind2=" ">
      <subfield code="a">De gratia et libero arbitrio ad Valentinum</subfield>
    </datafield>
    <datafield tag="246" ind1="1" ind2=" ">
      <subfield code="a">De correptione et gratia</subfield>
    </datafield>
    <datafield tag="246" ind1="1" ind2=" ">
      <subfield code="a">Epistula ad Augustinum episcopum</subfield>
    </datafield>
    <datafield tag="260" ind1=" " ind2=" ">
      <subfield code="a">Utrecht :</subfield>
      <subfield code="b">Karthuizerklooster Nieuwlicht of Bloemendaal,</subfield>
      <subfield code="c">1458.</subfield>
    </datafield>
    <datafield tag="300" ind1=" " ind2=" ">
      <subfield code="a">162 fol. :</subfield>
      <subfield code="b">ill. ;</subfield>
      <subfield code="c">215 x 145 (141/147 x 90) mm.</subfield>
    </datafield>
    <datafield tag="336" ind1=" " ind2=" ">
      <subfield code="a">text</subfield>
      <subfield code="b">txt</subfield>
      <subfield code="2">rdacontent</subfield>
    </datafield>
    <datafield tag="337" ind1=" " ind2=" ">
      <subfield code="a">unmediated</subfield>
      <subfield code="b">n</subfield>
      <subfield code="2">rdamedia</subfield>
    </datafield>
    <datafield tag="338" ind1=" " ind2=" ">
      <subfield code="a">volume</subfield>
      <subfield code="b">nc</subfield>
      <subfield code="2">rdacarrier</subfield>
    </datafield>
    <datafield tag="340" ind1=" " ind2=" ">
      <subfield code="a">perkament</subfield>
      <subfield code="k">1 kol., 30-37 regels, littera cursiva.</subfield>
    </datafield>
    <datafield tag="500" ind1=" " ind2=" ">
      <subfield code="a">Geschreven door Johannes Petri Delff (fol. 155r): Explicit liber beati Augustini episcopi de correptione et gratia ... Finitus per fratrem Johannem Petri Delff monachum professum domus Nove lucis ordinis Carthusiensis prope traiectum. Anno Domini. millesimo quadringentesimo quinquagesimo octavo. Ipso ie sancte Elizabeth vidue.</subfield>
    </datafield>
    <datafield tag="500" ind1=" " ind2=" ">
      <subfield code="a">Inhoudsopgave op fol. 1v.</subfield>
    </datafield>
    <datafield tag="500" ind1=" " ind2=" ">
      <subfield code="a">Bevat: 1. Retractatio. De doctrina christiana (fol. 2r-77r). 2. Retractatio. De natura et gratia (fol. 82r-106r). 3. Epistula ad Xistum de gratia Dei contra Pelagianos (fol. 106r-116r). 4. Epistolae II ad Valentinum (fol. 116v-119v). 5. Retractatio. De gratia et libero arbitrio ad Valentinum (fol. 120r-138r). 6. Retractatio. De correptione et gratia (fol. 138r-155r). 7. Epistula Prosperi ad Augustinum episcopum (fol. 155v-158v). 8. Epistula sancti Hilarii Arelatensis episcopi ad beatum Augustinum episcopum (fol. 158v-162r).</subfield>
    </datafield>
    <datafield tag="500" ind1=" " ind2=" ">
      <subfield code="a">Blanco: fol. 77v-81v.</subfield>
    </datafield>
    <datafield tag="524" ind1=" " ind2=" ">
      <subfield code="a">Te citeren als: Universiteitsbibliotheek Utrecht Hs. 70.</subfield>
    </datafield>
    <datafield tag="563" ind1=" " ind2=" ">
      <subfield code="a">Contemporaine leren band met 2 (gerestaureerde) kantsluitingen en klavieren.</subfield>
    </datafield>
    <datafield tag="583" ind1=" " ind2=" ">
      <subfield code="a">Restauratierapport aanwezig.</subfield>
    </datafield>
    <datafield tag="500" ind1=" " ind2=" ">
      <subfield code="a">Illustrations: Penwerkinitialen met penwerkversiering in Utrechtse stijl.</subfield>
    </datafield>
    <datafield tag="581" ind1=" " ind2=" ">
      <subfield code="a">[P.A. Tiele], Catalogus codicum manu scriptorum Bibliothecae Universitatis Rheno-Trajectinae. I. Trajecti ad Rhenum / Hagae Comitis 1887. p. 20.</subfield>
    </datafield>
    <datafield tag="581" ind1=" " ind2=" ">
      <subfield code="a">J.P. Gumbert, Manuscrits datés conservés dans les Pays-Bas. Vol. 2: Les manuscrits d'origine néerlandaise (XIVe-XVIe siècles) et Suppl. au tome premier. Leiden etc. 1988. p. 177 (sub nr. 616), 179 nr. 624.</subfield>
    </datafield>
    <datafield tag="581" ind1=" " ind2=" ">
      <subfield code="a">J.P. Gumbert, Die Utrechter Kartäuser und ihre Bücher im frühen fünfzehnten Jahrhundert. Leiden 1974. p. 192, 298.</subfield>
    </datafield>
    <datafield tag="581" ind1=" " ind2=" ">
      <subfield code="a">M.Th. Wieser, Die handschriftliche Überlieferung der Werke des heiligen Augustinus VIII.1: Belgien, Luxembourg und Niederlande. Werkverzeichnis. Wien 2000 (= Sitzungsberichte der Österreichische Akademie der Wissenschaften. Phil.-Hist. Klasse 685) p. 61, 66, 88, 119, 182, 223, 226-229.</subfield>
    </datafield>
    <datafield tag="581" ind1=" " ind2=" ">
      <subfield code="a">M. Th. Wieser, Die Handschriftliche Überlieferung der Werke des heiligen Augustinus Bd. VIII/2. Belgien, Luxemburg und Niederlande. Verzeichnis nach Bibliotheken. Wien 2000 (= Sitzungsberichte der Österreichische Akademie der Wissenschaften. Phil.-Hist. Klasse 685) p. 310.</subfield>
    </datafield>
    <datafield tag="600" ind1="1" ind2="4">
      <subfield code="a">Augustinus, Aurelius.</subfield>
    </datafield>
    <datafield tag="600" ind1="0" ind2="4">
      <subfield code="a">Prosper Aquitanus,</subfield>
      <subfield code="d">390-463.</subfield>
    </datafield>
    <datafield tag="600" ind1="0" ind2="4">
      <subfield code="a">Hilarius Arelatensis,</subfield>
      <subfield code="d">401-449.</subfield>
    </datafield>
    <datafield tag="655" ind1=" " ind2="7">
      <subfield code="a">Handschriften (vorm)</subfield>
      <subfield code="0">(NL-LeOCL)088143309.</subfield>
      <subfield code="2">gtt</subfield>
    </datafield>
    <datafield tag="700" ind1="0" ind2=" ">
      <subfield code="a">Johannes Petri de Delff,</subfield>
      <subfield code="d">?-1476.</subfield>
    </datafield>
    <datafield tag="700" ind1="0" ind2=" ">
      <subfield code="a">Prosper Aquitanus,</subfield>
      <subfield code="d">390-463.</subfield>
    </datafield>
    <datafield tag="700" ind1="0" ind2=" ">
      <subfield code="a">Hilarius,</subfield>
      <subfield code="c">Arelatensis,</subfield>
      <subfield code="d">401-449.</subfield>
      <subfield code="1">https://id.oclc.org/worldcat/entity/E39PCjC7446fpgrJTQk4dgDQFX</subfield>
    </datafield>
    <datafield tag="710" ind1="2" ind2=" ">
      <subfield code="a">Karthuizerklooster Nieuwlicht of Bloemendaal (Utrecht)</subfield>
      <subfield code="e">former owner.</subfield>
      <subfield code="4">fmo</subfield>
      <subfield code="5">NL-UtRU</subfield>
    </datafield>
    <datafield tag="758" ind1=" " ind2=" ">
      <subfield code="a">UBU Hs. 70 Opuscula (Text)</subfield>
      <subfield code="1">https://id.oclc.org/worldcat/entity/E39PCFtDHyfvFWgVW6MwqG3jT3</subfield>
      <subfield code="4">https://id.oclc.org/worldcat/ontology/hasWork</subfield>
    </datafield>
    <datafield tag="856" ind1="4" ind2="1">
      <subfield code="u">http://objects.library.uu.nl/reader/resolver.php?obj=002304270&amp;type=2</subfield>
      <subfield code="x">Online</subfield>
      <subfield code="z">Full Text</subfield>
    </datafield>
    <datafield tag="936" ind1=" " ind2=" ">
      <subfield code="a">BATCHLOAD</subfield>
    </datafield>
  </record>